000 00655nam a2200277Ia 4500
005 20260324144715.0
008 008 260324s9999 xx 000 0 eng d
020 _a9780203037829
037 _aEBOOK
040 _aCRL
040 _beng
040 _cCRL
041 _2eng
041 _aeng
084 _qCRL
100 _aShunsuke Tsurumi
_91219549
245 3 _aAn Intellectual History Of Wartime Japan 1931-1945
260 _bTaylor and Francis
260 _c1986
365 _a
365 _b230
856 _uhttp://www.taylorfrancis.com/books/9780203037829
942 _cEBOOK
999 _c1827257
_d1827257